| 000 | 00398cam a2200169 4500 | ||
|---|---|---|---|
| 001 | D13352 | ||
| 008 | 090401t1936 xxu||||| |||| 00| 0 eng d | ||
| 035 | _a(Sirsi) u94413 | ||
| 041 | _aeng | ||
| 100 | _aMackmin, Henry A | ||
| 245 | _aBuilders' estimates and price data | ||
| 260 |
_aLondon _bChapman and Hall _c1936 |
||
| 350 | _a0 | ||
| 520 | _aShelf 304 | ||
| 942 | _n0 | ||
| 948 | _c04/03/1997 | ||
| 999 |
_c98025 _d98025 |
||